Tous les sites UNESCO des Pays-Bas sur une carte - Statistiques

Statistiques générales
  • Ce quiz a été pris 29 fois
  • Le résultat moyen est 6 sur 13
Réponses sur la Carte
Les réponses sont colorées sur une échelle allant du rouge au vert en fonction du pourcentage des utilisateurs qui les ont devinées à leur premier essai. Vous pouvez retrouver ces pourcentages ci-dessous.
 
Statistiques - réponses
Réponse % Correct
La mer des Wadden
90%
Lignes d’eau de défense hollandaises
85%
Frontières de l’Empire romain – le limes de Germanie inférieure
65%
Polder de Beemster
50%
Réseau des moulins de Kinderdijk-Elshout
50%
Zone des canaux concentriques du 17e siècle à Amsterdam
50%
Colonies de bienfaisance
45%
Zone historique de Willemstad
45%
Maison Schröder de Rietveld
30%
Schokland et ses environs
30%
Station de pompage à la vapeur de D.F. Wouda
30%
Planétarium Eisinga de Franeker
25%
Usine Van Nelle
25%
Aucun quiz correspondant
Distribution des résultats
% des personnes avec chaque résultat
Percentile par nombre de réponses
Votre historique - résultats
Vous n’avez pas pris ce quiz